000 00605nam a2200253Ia 4500
005 20260121153822.0
008 008 260114s9999 xx 000 0 eng d
020 _a9780429456633
037 _aEBOOK
040 _aCRL
040 _beng
040 _cCRL
041 _2eng
041 _aeng
084 _qCRL
100 _aEdward Farley Oaten
_9999519
245 2 _aA Sketch of Anglo-Indian Literature
260 _bTaylor and Francis
260 _c1908
856 _uhttp://www.taylorfrancis.com/books/9780429456633
942 _cEBOOK
999 _c1566340
_d1566340